Lithuania City Quiz - Statistics

General Stats
  • This quiz has been taken 61 times
  • The average score is 4 of 6
Answer Stats
City % Correct
Vilnius
98%
Kaunas
89%
Klaipeda
82%
Siauliai
64%
Alytus
58%
Panevezys
56%
No matching quizzes found
Score Distribution
Percent of People with Each Score
Percentile by Number Answered
Your Score History
You have not taken this quiz